000
00308nam a2200145Ia 4500
100
_a
Freeze/ Wayne S
942
_c
BK
654
_a
computer
245
_a
Expert Guide to Visual Basic 6
260
_b
B.P.B
_a
Mumbai
_c
1999
082
_a
5.133
_b
FRE
300
_a
907
546
_a
ENGLISH
999
_c
26662
_d
26662